| 000 | 00326nam a22001337a 4500 | ||
|---|---|---|---|
| 003 | SGT | ||
| 020 | _a9788196155964 | ||
| 082 | _a370.15,SEE | ||
| 100 | _aSEENIVASAN,C. | ||
| 245 | _aEMOTIONAL INTELLIGENCE ASPIRATION AND ACADEMIC ACHIEVEMENT | ||
| 260 |
_aJAIPUR _bPOINTER PUBLISHARS _c2023 |
||
| 300 | _a150 | ||
| 942 |
_2ddc _cBK |
||
| 999 |
_c33507 _d33507 |
||